Heavy Metal Band Logos #4 - Statistics

General Stats
  • This quiz has been taken 863 times
    342 since last reset
  • The average score is 21 of 30
Answer Stats
Picture Answer % Correct
Kreator
100%
Alestorm
99%
Party Cannon
99%
Slayer
99%
Benediction
98%
Power Trip
97%
Celtic Frost
96%
Deicide
94%
Monstrosity
94%
Born of Osiris
91%
Despised Icon
91%
Carnifex
88%
Dark Funeral
85%
Infant Annihilator
82%
Burzum
80%
Go Ahead And Die
79%
Rotting Christ
71%
Benighted
69%
Disma
69%
Immolation
69%
Inquisition
53%
Ahab
48%
Dead Infection
47%
Deathspell Omega
47%
Utilize The Remains
36%
Ripped To Shreds
33%
Finntroll
29%
Imperial Triumphant
21%
Oceano
19%
Disentomb
8%
No matching quizzes found
Score Distribution
Percent of People with Each Score
Percentile by Number Answered
Your Score History
You have not taken this quiz since the last reset